| 000 | 00477nam a22001937a 4500 | ||
|---|---|---|---|
| 003 | CEME | ||
| 005 | 20210628202910.0 | ||
| 008 | 210119b xxu||||| |||| 00| 0 eng d | ||
| 020 | _a81-7371-535-1 | ||
| 040 | _c. | ||
| 082 | _a621.3678 JOS | ||
| 100 |
_aJoseph, George _962219 |
||
| 245 | _aFundamentals of remote sensing | ||
| 250 | _a2ND | ||
| 260 |
_aNEW DELHI _bUNIVERSITY PRESS _c2005 |
||
| 300 | _aXIV,473 P | ||
| 650 |
_aREMOTE SENSING. _920391 |
||
| 942 |
_cBK _2ddc |
||
| 999 |
_c571396 _d571396 |
||